000 00708nam a2200229Ii 4500
003 JO-AjNU
008 230605s9999||||xx |||||||||||||| ||und||
017 _a2016/62899
020 _a978-9957-699-24-6
040 _aJO-AjNU
_bara
_erda
_cJO-AjNU
041 _aara
050 1 4 _aPJ7808.S7 2019
100 3 _aأبو صبيح، جميل,
_eauthor
_958878
245 0 0 _aالبراري
250 _aط1
264 3 1 _aعمان: دار فضاءات للنشر والتوزيع، 2019
300 _a107ص
336 _atext
_btxt
_2rdacontent
337 _aunmediated
_bn
_2rdamedia
338 _avolume
_bnc
_2rdacarrier
650 4 _aالشعر العربي-العصر الحديث-ادب عربي
_958879
999 _aA26467
_c30035
_d30035